Dictionary for library and information science / (Record no. 604)

MARC details
000 -LEADER
fixed length control field 00632nam a2200205 a 4500
001 - CONTROL NUMBER
control field 604
005 - DATE AND TIME OF LATEST TRANSACTION
control field 20221127090001.0
008 - FIXED-LENGTH DATA ELEMENTS--GENERAL INFORMATION
fixed length control field 050920s lxxu d 00000 eng d
020 ## - INTERNATIONAL STANDARD BOOK NUMBER
International Standard Book Number 1591580757(pbk) :
Terms of availability SR350.00
035 ## - SYSTEM CONTROL NUMBER
System control number 617
082 04 - DEWEY DECIMAL CLASSIFICATION NUMBER
Classification number 020.3
Item number D561 2004
245 00 - TITLE STATEMENT
Title Dictionary for library and information science /
Statement of responsibility, etc. Joan M. Reitz.
250 ## - EDITION STATEMENT
Edition statement 1st ed.
260 ## - PUBLICATION, DISTRIBUTION, ETC.
Place of publication, distribution, etc. Westport, Conn. ;
-- London :
Name of publisher, distributor, etc. Libraries Unlimited,
Date of publication, distribution, etc. 2004.
300 ## - PHYSICAL DESCRIPTION
Extent x, 788 p. ;
Dimensions 24 cm.
504 ## - BIBLIOGRAPHY, ETC. NOTE
Bibliography, etc. note Includes bibl. references.
650 #4 - SUBJECT ADDED ENTRY--TOPICAL TERM
Topical term or geographic name entry element Library science
Form subdivision Dictionaries.
650 #4 - SUBJECT ADDED ENTRY--TOPICAL TERM
Topical term or geographic name entry element Information science
Form subdivision Dictionaries.
700 0# - ADDED ENTRY--PERSONAL NAME
Personal name Reitz, Joan M.
Holdings
Withdrawn status Lost status Source of classification or shelving scheme Damaged status Not for loan Home library Current library Date acquired Cost, normal purchase price Total Checkouts Full call number Barcode Date last seen Copy number Price effective from Koha item type
              11/27/2022     020.3 D561 2004 1000000011063 11/27/2022 C3 11/27/2022 Reference
          CENTRAL CENTRAL 11/27/2022 35000.00   020.3 D561 2004 1000000004701 11/27/2022 C1 11/27/2022 Reference
          CENTRAL CENTRAL 11/27/2022     020.3 D561 2004 1000000003525 11/27/2022 C2 11/27/2022 Reference